000 00351nam a22001337a 4500
020 _a978-0-00-729700-9
082 _a823
_bBUT/M
100 _aBUTCHER, NANCY
245 _aMARY KATE AND ASHLEY TWO OF A KIND DIARIES
_bTWO FOR THE ROAD
260 _aNEW YORK
_bPARACHUTE PRESS BOOK
_c2003
300 _a94
650 _aNOVEL
_zUNITED STATES
942 _cBK
999 _c2331
_d2331